Statistics for Countries by Outdated Flag

Click here to take the quiz!

General Stats

  • This quiz has been taken 17 times
  • The average score is 14 of 20

Answer Stats

Answer% Correct
China
100%
Spain
94%
United States
94%
Mexico
94%
South Africa
94%
France
88%
Brazil
82%
Romania
76%
Thailand
76%
Ethiopia
76%
Libya
76%
Iran
71%
Venezuela
71%
Portugal
65%
Georgia
53%
San Marino
53%
Mongolia
47%
Afghanistan
41%
Myanmar
41%
Egypt
35%

Score Distribution

Percentile by Number Answered

Percent of People with Each Score

Your Score History

You have not taken this quiz